• 首页
  • 本馆介绍
  • 公告通知
  • 最新文献
  • 馆藏检索
  • 电子资源
  • 读者导购
  • 参考咨询
  • 我的图书馆
  • 登录
  • 详细信息显示
  • 放入我的书架
  • 预约/预借图书
  • 作者相关作品
  • 分类相关作品
  • 丛书相关作品
  • 出版社相关作品

书目信息

  • 表格格式
  • 工作单格式
  • 卡片格式
题名:
制造过程的智能传感器技术
    
 
作者: 范大鹏 著
分册:  
出版信息: 武汉   华中科技大学出版社  2020
页数: 248页
开本: 24cm
丛书名: 智能制造与机器人理论及技术研究丛书
单 册:
中图分类: TP212.6 , TP212
科图分类:
主题词: 智能传感器
电子资源:
ISBN: 978-7-5680-6213-8
000 01145nam0 2200265 450
001 2231682989
005 20220918084828.74
010    @a978-7-5680-6213-8@b精装@dCNY98.00
100    @a20210305d2020 em y0chiy50 ea
101 0  @achi
102    @aCN@b420000
105    @aa z 000yy
200 1  @a制造过程的智能传感器技术@9zhi zao guo cheng de zhi neng chuan gan qi ji shu@f范大鹏著
210    @a武汉@c华中科技大学出版社@d2020
215    @a248页@c彩图@d24cm
225 1  @a智能制造与机器人理论及技术研究丛书@v30@f丁汉,孙容磊总主编
300    @a国家出版基金资助项目 “十三五”国家重点图书出版规划项目 国家出版基金项目
330    @a本书以制造过程的信息化、智能化应用为背景,以实现装备、刀具、加工、装配、管理等关键制造环节的定量化检测为目标,围绕装备数字化控制、刀具及切削状态监测、加工与装配质量检测、车间级物流管理等关键制造环节的传感与检测需求,对制造过程各类新型传感器的工作原理及应用方法进行系统的介绍。
461  0 @12001 @a智能制造与机器人理论及技术研究丛书
606 0  @a智能传感器
690    @aTP212.6@v5
690    @aTP212@v4
701  0 @a范大鹏@9fan da peng@4著
801  0 @aCN@b91MARC@c20210325
905    @aZUCC@dTP212@e20
    
    制造过程的智能传感器技术/范大鹏著.-武汉:华中科技大学出版社,2020
    248页:彩图;24cm.-(智能制造与机器人理论及技术研究丛书;30/丁汉,孙容磊总主编)
    国家出版基金资助项目 “十三五”国家重点图书出版规划项目 国家出版基金项目
    
    ISBN 978-7-5680-6213-8(精装):CNY98.00
    本书以制造过程的信息化、智能化应用为背景,以实现装备、刀具、加工、装配、管理等关键制造环节的定量化检测为目标,围绕装备数字化控制、刀具及切削状态监测、加工与装配质量检测、车间级物流管理等关键制造环节的传感与检测需求,对制造过程各类新型传感器的工作原理及应用方法进行系统的介绍。
●
相关链接 在五车中查询图书 在当当中查询图书 在豆瓣中查询图书


正题名:制造过程的智能传感器技术     索取号:TP212/20         预约/预借

序号 登录号 条形码 馆藏地/架位号 状态 备注
1 2000897266   2000897266   第三书库/ [索取号:TP212/20] 在馆    
2 2000897267   2000897267   第三书库/ [索取号:TP212/20] 在馆    
3 2000897268   2000897268   第三书库/ [索取号:TP212/20] 在馆    
山东省滨州职业学院图书馆 欢迎您!
大连网信软件有限公司© 版权所有